Advanced Accountancy (Record no. 1074)

MARC details
000 -LEADER
fixed length control field 00356nam a2200133Ia 4500
008 - FIXED-LENGTH DATA ELEMENTS--GENERAL INFORMATION
fixed length control field 230312s9999||||xx |||||||||||||| ||und||
082 ## - DEWEY DECIMAL CLASSIFICATION NUMBER
Classification number 657.046
Item number GUP-A
100 ## - MAIN ENTRY--PERSONAL NAME
Personal name Gupta , R.L.
245 #0 - TITLE STATEMENT
Title Advanced Accountancy
260 ## - PUBLICATION, DISTRIBUTION, ETC.
Name of publisher, distributor, etc. SULTAN CHAND & SONS
Place of publication, distribution, etc. New Delhi
Date of publication, distribution, etc. 1988
546 ## - LANGUAGE NOTE
Language note Eng.
650 ## - SUBJECT ADDED ENTRY--TOPICAL TERM
Topical term or geographic name entry element Accounting
Form subdivision Company Accounts , Debentures
942 ## - ADDED ENTRY ELEMENTS (KOHA)
Koha item type BOOK
Holdings
Withdrawn status Lost status Source of classification or shelving scheme Damaged status Not for loan Home library Current library Date acquired Total Checkouts Full call number Barcode Date last seen Price effective from Koha item type
    Dewey Decimal Classification     Superior Information Resource Center (SIRC) Superior University - City Campus Superior Information Resource Center (SIRC) Superior University - City Campus 03/13/2023   657.046 GUP-A 1084 03/13/2023 03/13/2023 BOOK

Powered by Koha